Славянобългарска история (Запис номер 171653)
[ съкратено ]
| 000 -Лидер | |
|---|---|
| Контролно поле с фиксирана дължина | 01610nam a2200373 c 4500 |
| 003 - Код на организацията, давaща контролен номер | |
| Контролно поле | BLK |
| 005 - Дата и час на последна редакция | |
| Контролно поле | 20250329154943.0 |
| 008 - Елементи от данни с фиксирана дължина | |
| fixed length control field | 180411b bul|||||r ||||||| ||bul|| |
| 010 ## - Наследен системен номер | |
| LC control number | KNG00179935000 |
| 040 ## - Източник на каталожния запис | |
| Идентификатор на билиотеката - собственик на записа | BLK |
| 041 ## - Код за език | |
| Код за езика на текст/звукозапис или на отделно заглавие | Български |
| Код за езика КДБФ | Български |
| 080 ## - УДК | |
| Текстов определител УДК | Българска литература |
| УДК код - определител по УДК | 821.163.2 |
| УДК определител | -94 |
| УДК - код + определител | 821.163.2-94 |
| 080 ## - УДК | |
| Текстов определител УДК | История на България |
| УДК код - определител по УДК | 94(497.2) |
| УДК определител | (093) |
| УДК - код + определител | 94(497.2)(093) |
| 100 ## - Редна дума - Автор | |
| Автор | Паисий Хилендарски |
| Дати, свързани с автора | 1722-1773 |
| Автор - информация (биография) | Народен будител |
| Пълна форма на името | Хадживълчев, Пенко (Петър) Михаилов |
| R(LIN) | 251543 |
| 139 ## - Редно поле | |
| Редна дума | Паисий Хилендарски |
| Авторски знак | Пад - П 14 |
| 245 10 - Сведения за заглавието | |
| Заглавие | Славянобългарска история |
| Редно поле (дума) | Паисий Хилендарски; с предг. от Петър Николов Динеков. |
| 250 ## - Област на изданието | |
| Сведения за изданието | 17. изд. |
| 257 ## - Страна на издаване | |
| Страна на създаване/издаване | България |
| 260 ## - Област на издателските данни | |
| -- | София |
| Име на издателя, разпространителя и проч. | Бълг. писател |
| Година на издаване | 1984 |
| Печатница | В. Търново : Д. Найденов ; Враца : В. Александров |
| 300 ## - Физическа характеристика | |
| Страници | 112 с. |
| Размери/Мащаб | 20 см |
| 380 ## - Жанр | |
| Жанр | Худож. лит. |
| 490 1# - СЕРИИ (Колекции) | |
| Име на серия | Библиотека за ученика |
| 500 ## - Общи забележки | |
| Забележка | 1. изд. 1960. - 57 113 тир. |
| 650 #0 - Допълнително описание по предмет – тема | |
| Основно описание – тема или топоним | България - история - извори |
| 9 (RLIN) | 254752 |
| 653 ## - Ключова дума – ненормативна | |
| Ключова дума | българска история |
| 653 ## - Ключова дума – ненормативна | |
| Ключова дума | извори |
| 700 1# - Други автори (авторска отговорност) | |
| Лично име | Динеков, Петър Николов |
| Автороска отговорност (Описва отношението между автора и произведението) | с предг. от |
| 9 (RLIN) | 363799 |
| 852 ## - Местоположение | |
| Форматна сигнатура | Цб 126460 |
| 856 4# - Електронен адрес и достъп | |
| Електронен формат | pdf - файл |
| Път до файла /url/ | |
| 856 4# - Електронен адрес и достъп | |
| Електронен формат | pdf - файл |
| Път до файла /url/ | |
| 942 ## - АРТИКУЛИ | |
| Вид на библиотечния материал | Книги |
| Скрит в OPAC | Не |
| 944 ## - СЪЗДАВАНЕ И РЕДАКЦИЯ на ЗАПИСА | |
| Създаване/Редакция | Създаване |
| Дата на регистрацията/редакция | 17.08.2015 |
| Служител, извършил регистрацията/редакцията | 30560 |
| Статус, дата на статуса | Геновева Генчева |
| 944 ## - СЪЗДАВАНЕ И РЕДАКЦИЯ на ЗАПИСА | |
| Създаване/Редакция | Редакция |
| Дата на регистрацията/редакция | 17.08.2015 |
| Служител, извършил регистрацията/редакцията | Кети_Илиева |
| 999 ## - СИСТЕМНИ КОНТРОЛНИ НОМЕРА | |
| Koha biblionumber | 171653 |
| Koha biblioitemnumber | 171653 |
| Код за отписване | Код за изгубен артикул | Източник на класификационната схема | Код за повреда | Коз за рестрикции | Код за отдаване | Артикулен № | Име на библиотеката - собственик | Име на библиотеката, в която се намира в момента | Статус (Текущо местоположение) | Дата на вписване в системата | Местоположение - отдел | Цена в лева | Инвентарен номер | Систематично азбучна сигнатура | Баркод | Номер на екземпляра | Цена в евро | Служебна бележка | Служебен тип на артикула |
|---|---|---|---|---|---|---|---|---|---|---|---|---|---|---|---|---|---|---|---|
| Не е изгубен | Universal Decimal Classification | Не е повреден | без рестрикции | ползва се в читалня | 291829 | Регионална библиотека "Любен Каравелов" Русе | Регионална библиотека "Любен Каравелов" Русе | Хранилище | 1984-01-01 | Хранилище | 0.32 | 405695 | Цб 126460 | 120000405695 | 1 | 0.16 | Вид: Сф Дата: 01.01.1984 | Книги | |
| Изтеглен | Не е изгубен | Universal Decimal Classification | Не е повреден | без рестрикции | заемане за дома | 291830 | Регионална библиотека "Любен Каравелов" Русе | Регионална библиотека "Любен Каравелов" Русе | Заемна - подръчен фонд | 1984-01-01 | Заемна - подръчен фонд | 0.00 | 406449 | П 886.7-94/П 14 | 406449 | 2 | 0.00 | Вид: Сф Дата: 01.01.1984 | Книги |
| Изтеглен | Не е изгубен | Universal Decimal Classification | Не е повреден | без рестрикции | заемане за дома | 291831 | Регионална библиотека "Любен Каравелов" Русе | Регионална библиотека "Любен Каравелов" Русе | Заемна - подръчен фонд | 1984-01-01 | Заемна - подръчен фонд | 0.32 | 406450 | П 886.7-94/П 14 | 406450 | 3 | 0.16 | Вид: Сф Дата: 01.01.1984 | Книги |
| Изтеглен | Не е изгубен | Universal Decimal Classification | Не е повреден | без рестрикции | заемане за дома | 291832 | Регионална библиотека "Любен Каравелов" Русе | Регионална библиотека "Любен Каравелов" Русе | Заемна - подръчен фонд | 1984-01-01 | Заемна - подръчен фонд | 0.32 | 406451 | П 886.7-94/П 14 | 406451 | 4 | 0.16 | Вид: Сф Дата: 01.01.1984 | Книги |
| Изтеглен | Не е изгубен | Universal Decimal Classification | Не е повреден | без рестрикции | заемане за дома | 291833 | Регионална библиотека "Любен Каравелов" Русе | Регионална библиотека "Любен Каравелов" Русе | Заемна - подръчен фонд | 1984-01-01 | Заемна - подръчен фонд | 0.00 | 406452 | П 886.7-94/П 14 | 406452 | 5 | 0.00 | Вид: Сф Дата: 01.01.1984 | Книги |